INTERNATIONAL HUMAN RESOURCE MANAGEMENT (Record no. 2379)

MARC details
000 -LEADER
fixed length control field 00368nam a2200145Ia 4500
008 - FIXED-LENGTH DATA ELEMENTS--GENERAL INFORMATION
fixed length control field 240624s9999 xx 000 0 und d
041 ## - LANGUAGE CODE
Language code of text/sound track or separate title eng
082 ## - DEWEY DECIMAL CLASSIFICATION NUMBER
Classification number 658.3 DOW
100 ## - MAIN ENTRY--PERSONAL NAME
Personal name DOWLING PETER J
245 ## - TITLE STATEMENT
Title INTERNATIONAL HUMAN RESOURCE MANAGEMENT
250 ## - EDITION STATEMENT
Edition statement (3rd ed.)
260 ## - PUBLICATION, DISTRIBUTION, ETC.
Date of publication, distribution, etc. 2004
Place of publication, distribution, etc. Singapore
Name of publisher, distributor, etc. Thomson Asia
300 ## - PHYSICAL DESCRIPTION
Extent xi, : 324 : cm. ; 24
365 ## - TRADE PRICE
Currency code RS
Holdings
Withdrawn status Lost status Damaged status Not for loan Home library Current library Shelving location Date acquired Source of acquisition Cost, normal purchase price Total Holds Full call number Barcode Date last seen Copy number Price effective from Koha item type
        IMTN IMTN Rack 24-B 04/20/2005 EB 325.00 8875 658.3 DOW 2379 06/24/2024 1 06/24/2024 Books
Designed & Maintained by: LRC IMT Nagpur Contact: lrc@imtnag.ac.in© 2024. All Rights Reserved.